| 000 | 01793cas a2200481 a 4500 | ||
|---|---|---|---|
| 001 | 11429065 | ||
| 003 | OSt | ||
| 005 | 20230704133442.0 | ||
| 007 | he bmb---baca | ||
| 008 | 870709c19039999ilugr b s0 0eng c | ||
| 010 |
_asf 94090253 _zsf 93094347 _z 10013132 |
||
| 022 |
_a0191-104X _l0191-104X |
||
| 035 | _a(OCoLC)ocm16150114 | ||
| 037 | _bDocuments Unit, Illinois State Library, Centennial Bldg., Springfield, IL 62756 | ||
| 040 |
_aSPI _beng _cSPI _dDLC _dOCLCQ _dEMI _dOCLCQ _dOCLCF _dOCLCO _dOCL _dOCLCQ _dOCLCA |
||
| 042 | _apcc | ||
| 043 | _an-us-il | ||
| 050 | 0 | 0 | _aMicrofiche (o) 93/6845 |
| 050 | 0 | 4 |
_aJK5730 _b.A25 |
| 082 | 0 | 4 |
_a353.9773 _bWHI |
| 245 | 0 | 0 | _aIllinois blue book. |
| 246 | 3 | 0 | _aBlue book of the State of Illinois |
| 260 |
_a[Springfield Ill.] : _b[Illinois Secretary of State], _c[1903-] |
||
| 300 |
_avolumes : _billustrations, portraits, maps ; _c23 cm |
||
| 310 | _aBiennial | ||
| 336 |
_atext _btxt _2rdacontent |
||
| 337 |
_amicroform _bh _2rdamedia |
||
| 338 |
_amicrofiche _bhe _2rdacarrier |
||
| 362 | 0 | _a1903- | |
| 533 |
_aMicrofiche. _bSpringfield, Ill. : _cIllinois Secretary of State, Micrographics Division, _d1987- _emicrofiches : negative. |
||
| 590 | _aSERBIB/SERLOC merged record | ||
| 650 | 7 |
_aPolitics and government _2fast _0(OCoLC)fst01919741 |
|
| 651 | 0 |
_aIllinois _vRegisters. |
|
| 651 | 0 |
_aIllinois _xPolitics and government _vPeriodicals. |
|
| 651 | 7 |
_aIllinois. _2fast _0(OCoLC)fst01205143 |
|
| 655 | 7 |
_aPeriodicals. _2fast _0(OCoLC)fst01411641 |
|
| 655 | 7 |
_aRegisters (Lists) _2fast _0(OCoLC)fst01919964 |
|
| 710 | 1 |
_aIllinois. _bOffice of Secretary of State. |
|
| 776 | 0 | 8 |
_iOnline version: _tIllinois blue book _w(OCoLC)862946136 |
| 906 |
_a7 _bcbc _cserials _du _encip _f19 _gn-oclcserc |
||
| 942 |
_2ddc _cBK |
||
| 999 |
_c3827 _d3827 |
||